Algoritmy obnaruženija empiričeskich zakonomernostej

Guardado en:
Detalles Bibliográficos
Formato: Libro
Lenguaje:ruso
Publicado: Novosibirsk Nauka 1985
Edición:1. izd.
Etiquetas: Agregar Etiqueta
Sin Etiquetas, Sea el primero en etiquetar este registro!

MARC

LEADER 00000nam a2200000 4500
001 c028456
005 20260128070256.7
041 0 |a rus 
044 |a RU 
245 1 0 |a Algoritmy obnaruženija empiričeskich zakonomernostej  |c Nikolaj Grigor'jevič Zagorujko, Valentina Nikolajevna Jelking, Gennadij Sergejevič Lbov 
250 |a 1. izd. 
264 1 |a Novosibirsk  |b Nauka  |c 1985 
300 |a 107 s.